The Big List of Film Directors - Statistics

General Stats
  • This quiz has been taken 277 times
    218 since last reset
  • The average score is 175 of 500
Answer Stats
Film Year Director % Correct
2001: A Space Odyssey 1968 Stanley Kubrick
92%
Saving Private Ryan 1998 Steven Spielberg
88%
Psycho 1960 Alfred Hitchcock
87%
Inception 2010 Christopher Nolan
86%
No Country for Old Men 2007 The Coen Brothers
86%
Jackie Brown 1997 Quentin Tarantino
85%
Titanic 1997 James Cameron
84%
Edward Scissorhands 1990 Tim Burton
84%
The Darjeeling Limited 2007 Wes Anderson
84%
Goodfellas 1990 Martin Scorsese
83%
Logan's Run 1976 Michael Anderson
83%
Phantom Thread 2017 Paul Thomas Anderson
83%
Alien vs. Predator 2004 Paul W.S. Anderson
83%
Blade Runner 1982 Ridley Scott
83%
Do the Right Thing 1989 Spike Lee
82%
Bram Stoker's Dracula 1992 Francis Ford Coppola
81%
Fast & Furious 6 2013 Justin Lin
81%
Top Gun 1986 Tony Scott
81%
Crouching Tiger, Hidden Dragon 2000 Ang Lee
80%
The Way of the Dragon 1972 Bruce Lee
80%
American Graffiti 1973 George Lucas
80%
Citizen Kane 1941 Orson Welles
80%
Lost in Translation 2003 Sofia Coppola
80%
Unforgiven 1992 Clint Eastwood
79%
Eraserhead 1977 David Lynch
79%
City Lights 1931 Charlie Chaplin
77%
The Social Network 2010 David Fincher
77%
Argo 2012 Ben Affleck
76%
Chinatown 1974 Roman Polanski
75%
Pan's Labyrinth 2006 Guillermo del Toro
74%
King Kong 2005 Peter Jackson
74%
Volcano 1997 Mick Jackson
73%
Dances with Wolves 1990 Kevin Costner
71%
Hacksaw Ridge 2016 Mel Gibson
71%
Her 2013 Spike Jonze
71%
Birdman or (The Unexpected Virtue of Ignorance) 2014 Alejandro González Iñárritu
70%
A Nightmare on Elm Street 1984 Wes Craven
70%
Yojimbo 1961 Akira Kurosawa
69%
How Green Was My Valley 1941 John Ford
69%
For a Few Dollars More 1965 Sergio Leone
69%
Nocturnal Animals 2016 Tom Ford
69%
Natural Born Killers 1994 Oliver Stone
67%
Spider-Man 2002 Sam Raimi
67%
Marty 1955 Delbert Mann
66%
Heat 1995 Michael Mann
66%
Don't Worry Darling 2022 Olivia Wilde
66%
Who Framed Roger Rabbit 1988 Robert Zemeckis
66%
Knives Out 2019 Rian Johnson
65%
Fifty Shades of Grey 2015 Sam Taylor-Johnson
65%
Ocean's Eleven 2001 Steven Soderbergh
65%
Harry Potter and the Prisoner of Azkaban 2004 Alfonso Cuarón
64%
Gattaca 1997 Andrew Niccol
64%
Some Like It Hot 1959 Billy Wilder
64%
Lawrence of Arabia 1962 David Lean
64%
Dune 2021 Denis Villeneuve
64%
La Dolce Vita 1960 Federico Fellini
64%
The Woman in Red 1984 Gene Wilder
64%
Barbie 2023 Greta Gerwig
64%
Ghost Rider 2007 Mark Steven Johnson
64%
The Deer Hunter 1978 Michael Cimino
64%
Life Is Beautiful 1997 Roberto Benigni
64%
Parasite 2019 Bong Joon Ho
63%
Moon 2009 Duncan Jones
63%
Life of Brian 1979 Terry Jones
63%
The Matrix 1999 The Wachowski Siblings
63%
300 2006 Zack Snyder
63%
Foxcatcher 2014 Bennett Miller
62%
Mad Max: Fury Road 2015 George Miller
62%
Nope 2022 Jordan Peele
62%
Transformers 2007 Michael Bay
62%
One Flew Over the Cuckoo's Nest 1975 Milos Forman
62%
Oldboy 2003 Park Chan-wook
62%
Deadpool 2016 Tim Miller
62%
Mission: Impossible 1996 Brian De Palma
61%
Trainspotting 1996 Danny Boyle
61%
Zero Dark Thirty 2012 Kathryn Bigelow
61%
Dogma 1999 Kevin Smith
61%
Casablanca 1942 Michael Curtiz
61%
Deepwater Horizon 2016 Peter Berg
61%
Apollo 13 1995 Ron Howard
61%
Into the Wild 2007 Sean Penn
61%
12 Years a Slave 2013 Steve McQueen
61%
Home Alone 1990 Chris Columbus
60%
M 1931 Fritz Lang
60%
The Boy and the Heron 2023 Hayao Miyazaki
60%
The Seventh Seal 1957 Ingmar Bergman
60%
Mission: Impossible II 2000 John Woo
60%
The Graduate 1967 Mike Nichols
60%
Split 2016 M. Night Shyamalan
60%
Lost in America 1985 Albert Brooks
59%
As Good as It Gets 1997 James L. Brooks
59%
Big Trouble in Little China 1986 John Carpenter
59%
Young Frankenstein 1974 Mel Brooks
59%
Mr. Smith Goes to Washington 1939 Frank Capra
58%
Volver 2006 Pedro Almodóvar
58%
Crimes and Misdemeanors 1989 Woody Allen
58%
Baby Driver 2017 Edgar Wright
57%
The Truman Show 1998 Peter Weir
57%
Serpico 1973 Sidney Lumet
57%
The Thin Red Line 1998 Terrence Malick
57%
The Exorcist 1973 William Friedkin
57%
The Shawshank Redemption 1994 Frank Darabont
56%
Anna Karenina 2012 Joe Wright
56%
The Killing of a Sacred Deer 2017 Yorgos Lanthimos
56%
Tropic Thunder 2008 Ben Stiller
55%
The Last Emperor 1987 Bernardo Bertolucci
55%
A Star Is Born 2018 Bradley Cooper
55%
Sherlock Jr. 1924 Buster Keaton
55%
The Whale 2022 Darren Aronofsky
55%
On the Waterfront 1954 Elia Kazan
55%
The Piano 1993 Jane Campion
55%
Gosford Park 2001 Robert Altman
55%
A Bronx Tale 1993 Robert De Niro
55%
Jojo Rabbit 2019 Taika Waititi
55%
Brazil 1985 Terry Gilliam
55%
Avengers: Endgame 2019 The Russo Brothers
55%
The Treasure of the Sierra Madre 1948 John Huston
54%
A Quiet Place 2018 John Krasinski
54%
First Man 2018 Damien Chazelle
53%
The 400 Blows 1959 François Truffaut
53%
The Sound of Music 1965 Robert Wise
53%
Rain Man 1988 Barry Levinson
52%
Night of the Living Dead 1968 George A. Romero
52%
Thor 2011 Kenneth Branagh
52%
Quiz Show 1994 Robert Redford
52%
Gone with the Wind 1939 Victor Fleming
52%
Ben-Hur 1959 William Wyler
52%
Silver Linings Playbook 2012 David O. Russell
51%
Butch Cassidy and the Sundance Kid 1969 George Roy Hill
51%
Star Trek 2009 J.J. Abrams
51%
Gandhi 1982 Richard Attenborough
51%
Rocky II 1985 Sylvester Stallone
51%
The King's Speech 2010 Tom Hooper
51%
Midsommar 2019 Ari Aster
50%
Moulin Rouge! 2001 Baz Luhrmann
50%
The Man with Two Brains 1983 Carl Reiner
50%
Nomadland 2020 Chloé Zhao
50%
The Birth of a Nation 1915 D.W. Griffith
50%
Guardians of the Galaxy 2014 James Gunn
50%
Breathless 1960 Jean-Luc Godard
50%
A Woman Under the Influence 1974 John Cassavetes
50%
Philadelphia 1993 Jonathan Demme
50%
School of Rock 2003 Richard Linklater
50%
The Princess Bride 1987 Rob Reiner
50%
Road to Perdition 2002 Sam Mendes
50%
Naked Lunch 1991 David Cronenberg
49%
The Disaster Artist 2017 James Franco
49%
Tommy 1975 Ken Russell
49%
The Fast and the Furious 2001 Rob Cohen
49%
The Northman 2022 Robert Eggers
49%
Tootsie 1982 Sydney Pollack
49%
The Theory of Everything 2014 James Marsh
48%
Blow-Up 1966 Michelangelo Antonioni
48%
Moonlight 2016 Barry Jenkins
47%
Pretty Woman 1990 Garry Marshall
47%
Pirates of the Caribbean: The Curse of Black Pearl 2003 Gore Verbinski
47%
Hot Shots! 1991 Jim Abrahams
47%
Wonder Woman 2017 Patty Jenkins
47%
Big 1988 Penny Marshall
47%
Ant-Man 2015 Peyton Reed
47%
Chicago 2002 Rob Marshall
47%
Paris, Texas 1984 Wim Wenders
47%
All the President's Men 1976 Alan J. Pakula
46%
Oliver! 1968 Carol Reed
46%
Fantastic Beasts and Where to Find Them 2016 David Yates
46%
Milk 2008 Gus Van Sant
46%
Hamlet 1948 Laurence Olivier
46%
RoboCop 1987 Paul Verhoeven
46%
Bullitt 1968 Peter Yates
46%
Reds 1981 Warren Beatty
46%
Ratatouille 2007 Brad Bird
45%
The Ten Commandments 1956 Cecil B. DeMille
45%
Easy Rider 1969 Dennis Hopper
45%
Nosferatu 1922 F.W. Murnau
45%
The Monuments Men 2014 George Clooney
45%
Aladdin 2019 Guy Ritchie
45%
Batman Forever 1995 Joel Schumacher
45%
The 40-Year-Old Virgin 2005 Judd Apatow
45%
Fahrenheit 9/11 2004 Michael Moore
45%
Wonka 2023 Paul King
45%
Black Panther 2018 Ryan Coogler
45%
Maximum Overdrive 1986 Stephen King
45%
The Hangover 2009 Todd Phillips
45%
Cabaret 1972 Bob Fosse
44%
Dirty Rotten Scoundrels 1988 Frank Oz
44%
Twins 1988 Ivan Reitman
44%
Juno 2007 Jason Reitman
44%
Team America: World Police 2004 Trey Parker
44%
Evita 1996 Alan Parker
43%
Fences 2016 Denzel Washington
43%
Rogue One: A Star Wars Story 2016 Gareth Edwards
43%
Saw 2004 James Wan
43%
Midnight Cowboy 1969 John Schlesinger
43%
The Holdovers 2023 Alexander Payne
42%
Breakfast at Tiffany's 1961 Blake Edwards
42%
The Avengers 2012 Joss Whedon
42%
Lucy 2014 Luc Besson
42%
The Last Picture Show 1971 Peter Bogdanovich
42%
Alita: Battle Angel 2019 Robert Rodriguez
42%
The Nice Guys 2016 Shane Black
42%
American History X 1998 Tony Kaye
42%
Valkyrie 2008 Bryan Singer
41%
The Batman 2022 Matt Reeves
41%
The Bourne Supremacy 2004 Paul Greengrass
41%
Gigi 1958 Vincente Minnelli
41%
Yentl 1983 Barbra Streisand
40%
Vanilla Sky 2001 Cameron Crowe
40%
Toy Story 1995 John Lasseter
40%
Creed III 2023 Michael B. Jordan
40%
Secrets & Lies 1996 Mike Leigh
40%
Interview with the Vampire: The Vampire Chronicles 1994 Neil Jordan
40%
Superman 1978 Richard Donner
40%
Uncut Gems 2019 The Safdie Brothers
40%
Another Round 2020 Thomas Vinterberg
40%
Larry Crowne 2011 Tom Hanks
40%
The Talented Mr. Ripley 1999 Anthony Minghella
39%
Gentlemen Prefer Blondes 1953 Howard Hawks
39%
Elf 2003 Jon Favreau
39%
Eternal Sunshine of the Spotless Mind 2004 Michel Gondry
39%
Drive 2011 Nicolas Winding Refn
39%
The Running Man 1987 Paul Michael Glaser
39%
Boyz n the Hood 1991 John Singleton
38%
Troy 2004 Wolfgang Petersen
38%
Tokyo Story 1953 Yasujirô Ozu
38%
Howards End 1992 James Ivory
37%
The Beaver 2011 Jodie Foster
37%
Gremlins 1984 Joe Dante
37%
The Karate Kid 1984 John G. Avildsen
37%
Weird Science 1985 John Hughes
37%
In Bruges 2008 Martin McDonagh
37%
L.A. Confidential 1997 Curtis Hanson
36%
The Negotiator 1998 F. Gary Gray
36%
Hello, Dolly! 1969 Gene Kelly
36%
RoboCop 2 1990 Irvin Kershner
36%
Ad Astra 2019 James Gray
36%
Coffee and Cigarettes 2003 Jim Jarmusch
36%
The Zone of Interest 2023 Jonathan Glazer
36%
Marriage Story 2019 Noah Baumbach
36%
The Water Diviner 2014 Russell Crowe
36%
A Madea Family Funeral 2019 Tyler Perry
36%
Ex Machina 2014 Alex Garland
35%
Gaslight 1944 George Cukor
35%
The Holiday 2006 Nancy Meyers
35%
Donnie Darko 2001 Richard Kelly
35%
Dangerous Liaisons 1988 Stephen Frears
35%
Dead Man Walking 1995 Tim Robbins
35%
Mission: Impossible - Fallout 2018 Christopher McQuarrie
34%
Matilda 1996 Danny DeVito
34%
Giant 1956 George Stevens
34%
Last Action Hero 1993 John McTiernan
34%
You've Got Mail 1998 Nora Ephron
34%
A Million Ways to Die in the West 2014 Seth MacFarlane
34%
Rescue Dawn 2006 Werner Herzog
34%
Kramer vs. Kramer 1979 Robert Benton
33%
From Here to Eternity 1953 Fred Zinnemann
32%
My Left Foot 1989 Jim Sheridan
32%
Coming to America 1988 John Landis
32%
The Artist 2011 Michel Hazanavicius
32%
Crash 2004 Paul Haggis
32%
The Passion of Joan of Arc 1928 Carl Theodore Dreyer
31%
Romance 1930 Clarence Brown
31%
Cocaine Bear 2023 Elizabeth Banks
31%
Saltburn 2023 Emerald Fennell
31%
The Hunger Games 2012 Gary Ross
31%
Footloose 1984 Herbert Ross
31%
Excalibur 1981 John Boorman
31%
Step Brothers 2008 Adam McKay
30%
The Tomorrow War 2021 Chris McKay
30%
The Hunger Games: Catching Fire 2013 Francis Lawrence
30%
Frankenstein 1931 James Whale
30%
The Nutty Professor 1963 Jerry Lewis
30%
Sleuth 1972 Joseph L. Mankiewicz
30%
Casino Royale 2006 Martin Campbell
30%
Love Actually 2003 Richard Curtis
30%
Ivan the Terrible, Part I 1944 Sergei Eisenstein
30%
Tár 2022 Todd Field
30%
WALL·E 2008 Andrew Stanton
29%
Scary Movie 2000 Keenen Ivory Wayans
29%
In the Heat of the Night 1967 Norman Jewison
29%
This Is the End 2013 Seth Rogen
29%
Nightcrawler 2014 Dan Gilroy
28%
Girl, Interrupted 1999 James Mangold
28%
The Great Escape 1963 John Sturges
28%
Toy Story 3 2010 Lee Unkrich
28%
The Amazing Spider-Man 2012 Marc Webb
28%
Sullivan's Travels 1941 Preston Sturges
28%
Michael Clayton 2007 Tony Gilroy
28%
Lisa Frankenstein 2024 Zelda Williams
28%
Men in Black 1997 Barry Sonnenfeld
27%
The Last Samurai 2003 Edward Zwick
27%
The Southerner 1945 Jean Renoir
27%
Ghost 1990 Jerry Zucker
27%
Top Gun: Maverick 2022 Joseph Kosinski
27%
Kes 1969 Ken Loach
27%
Harakiri 1962 Masaki Kobayashi
27%
Unbroken 2014 Angelina Jolie
26%
The End 1978 Burt Reynolds
26%
The Shop Around the Corner 1940 Ernst Lubitsch
26%
Analyze This 1999 Harold Ramis
26%
Labyrinth 1986 Jim Henson
26%
Manchester by the Sea 2016 Kenneth Lonergan
26%
Waterworld 1995 Kevin Reynolds
26%
The Cider House Rules 1999 Lasse Hallström
26%
All Quiet on the Western Front 1930 Lewis Milestone
26%
Argylle 2024 Matthew Vaughn
26%
Chappie 2015 Neill Blomkamp
26%
The Room 2003 Tommy Wiseau
26%
Motherless Brooklyn 2019 Edward Norton
25%
Speed 1994 Jan de Bont
25%
Meet Joe Black 1998 Martin Brest
25%
Spotlight 2015 Tom McCarthy
25%
Chinese Zodiac 2012 Jackie Chan
24%
Leaving Las Vegas 1995 Mike Figgis
24%
Guess Who's Coming to Dinner 1967 Stanley Kramer
24%
The Equalizer 2014 Antoine Fuqua
23%
Edge of Tomorrow 2014 Doug Liman
23%
American Psycho 2000 Mary Harron
23%
Star Trek II: The Wrath of Khan 1982 Nicholas Meyer
23%
Invasion of the Body Snatchers 1978 Philip Kaufman
23%
Con Air 1997 Simon West
23%
Me, Myself & Irene 2000 The Farrelly Brothers
23%
The Nightmare Before Christmas 1993 Henry Selick
22%
Universal Soldier 1992 Roland Emmerich
22%
Flashdance 1983 Adrian Lyne
21%
A Perfect Murder 1998 Andrew Davis
21%
Selma 2014 Ava DuVernay
21%
Bullet Train 2022 David Leitch
21%
Grave of the Fireflies 1988 Isao Takahata
21%
Crazy Rich Asians 2018 Jon M. Chu
21%
Don Jon 2013 Joseph Gordon-Levitt
21%
War and Peace 1956 King Vidor
21%
Going My Way 1944 Leo McCarey
21%
tick, tick... BOOM! 2021 Lin-Manuel Miranda
21%
The Reader 2008 Stephen Daldry
21%
Papillon 1973 Franklin J. Schaffner
20%
Goldfinger 1964 Guy Hamilton
20%
Jurassic World: Fallen Kingdom 2018 J.A. Bayona
20%
Office Space 1999 Mike Judge
20%
Star Wars: Episode VI - Return of the Jedi 1983 Richard Marquand
20%
Fast Times at Ridgemont High 1982 Amy Heckerling
19%
Rush Hour 1998 Brett Ratner
19%
Driving Miss Daisy 1989 Bruce Beresford
19%
The House with a Clock in Its Walls 2018 Eli Roth
19%
Shakespeare in Love 1998 John Madden
19%
Terminator Salvation 2009 McG
19%
Zombieland 2009 Ruben Fleischer
19%
Free Guy 2021 Shawn Levy
19%
The Devil's Advocate 1997 Taylor Hackford
19%
Jurassic World 2015 Colin Trevorrow
18%
The Constant Gardener 2005 Fernando Meirelles
18%
Room 2015 Lenny Abrahamson
18%
World War Z 2013 Marc Forster
18%
Harry Potter and the Goblet of Fire 2005 Mike Newell
18%
The Killing Fields 1984 Roland Joffé
18%
Tom Jones 1963 Tony Richardson
18%
Molly's Game 2017 Aaron Sorkin
17%
Thor: The Dark World 2013 Alan Taylor
17%
Venom: Let There Be Carnage 2021 Andy Serkis
17%
John Wick: Chapter 2 2017 Chad Stahelski
17%
Four Lions 2010 Chris Morris
17%
Hellraiser 1987 Clive Barker
17%
Bad Girl 1931 Frank Borzage
17%
Mutiny on the Bounty 1935 Frank Lloyd
17%
Birdman of Alcatraz 1962 John Frankenheimer
17%
Borat 2006 Larry Charles
17%
Three Men and a Baby 1987 Leonard Nimoy
17%
Mean Girls 2004 Mark Waters
17%
Spy 2015 Paul Feig
17%
The Mummy 1999 Stephen Sommers
17%
Star Trek V: The Final Frontier 1989 William Shatner
17%
Jurassic Park III 2001 Joe Johnston
16%
The Effect of Gamma Rays on Man-in-the-Moon Marigolds 1972 Paul Newman
16%
White Heat 1949 Raoul Walsh
16%
Cliffhanger 1993 Renny Harlin
16%
The Apostle 1997 Robert Duvall
16%
The Hustler 1961 Robert Rossen
16%
End of Watch 2012 David Ayer
15%
Austin Powers in Goldmember 2002 Jay Roach
15%
Mary Poppins 1964 Robert Stevenson
15%
Dr. No 1962 Terence Young
15%
The Death of Stalin 2017 Armando Iannucci
14%
I, Tonya 2017 Craig Gillespie
14%
Rocketman 2019 Dexter Fletcher
14%
Jumanji: Welcome to the Jungle 2017 Jake Kasdan
14%
Silverado 1985 Lawrence Kasdan
14%
To Kill a Mockingbird 1962 Robert Mulligan
14%
Happy Gilmore 1996 Dennis Dugan
13%
The Conquerer 1956 Dick Powell
13%
See No Evil, Hear No Evil 1989 Arthur Hiller
12%
Withnail & I 1987 Bruce Robinson
12%
Napoleon Dynamite 2004 Jared Hess
12%
Enemy at the Gates 2001 Jean-Jacques Annaud
12%
Underworld 2003 Len Wiseman
12%
Westworld 1973 Michael Crichton
12%
Super Size Me 2004 Morgan Spurlock
12%
Wayne's World 1992 Penelope Spheeris
12%
Submarine 2010 Richard Ayoade
12%
Shine 1996 Scott Hicks
12%
Hotel Rwanda 2004 Terry George
12%
Superbad 2007 Greg Mottola
11%
V for Vendetta 2005 James McTeigue
11%
Octopussy 1983 John Glen
11%
The Brave 1997 Johnny Depp
11%
Now You See Me 2013 Louis Leterrier
11%
Boys Town 1938 Norman Taurog
11%
The Sum of All Fears 2002 Phil Alden Robinson
11%
Taken 2008 Pierre Morel
11%
Dallas Buyers Club 2013 Jean-Marc Vallée
10%
Star Trek: First Contact 1996 Jonathan Frakes
10%
Suzume 2022 Makoto Shinkai
10%
Bruce Almighty 2003 Tom Shadyac
10%
All the Pretty Horses 2000 Billy Bob Thornton
9%
True Grit 1969 Henry Hathaway
9%
Die Another Day 2002 Lee Tamahori
9%
On Golden Pond 1981 Mark Rydell
9%
Death Wish 1974 Michael Winner
9%
Patriot Games 1992 Phillip Noyce
9%
The Man in the Iron Mask 1998 Randall Wallace
9%
Rise of the Planet of the Apes 2011 Rupert Wyatt
9%
The Chronicles of Narnia: The Lion, the Witch and the Wardrobe 2005 Andrew Adamson
8%
The Fanatic 2019 Fred Durst
8%
WarGames 1983 John Badham
8%
The Last King of Scotland 2006 Kevin Macdonald
8%
W.E. 2011 Madonna
8%
1984 1984 Michael Radford
8%
Naked Gun 33 1/3: The Final Insult 1994 Peter Segal
8%
Dodgeball: A True Underdog Story 2004 Rawson Marshall Thurber
8%
Going in Style 2017 Zach Braff
8%
Godzilla vs. Kong 2021 Adam Wingard
7%
Dreamgirls 2006 Bill Condon
7%
A Knight's Tale 2001 Brian Helgeland
7%
Run Fatboy Run 2007 David Schwimmer
7%
The Champ 1979 Franco Zeffirelli
7%
The Wedding Singer 1998 Frank Coraci
7%
The Accountant 2016 Gavin O'Connor
7%
The Quest 1996 Jean-Claude Van Damme
7%
I Love You, Daddy 2017 Louis C.K.
7%
The World Is Not Enough 1999 Michael Apted
7%
Zorba the Greek 1964 Michael Cacoyannis
7%
Deep Impact 1998 Mimi Leder
7%
Passengers 2016 Morten Tyldum
7%
The Illusionist 2006 Neil Burger
7%
Mulan 2020 Niki Caro
7%
Taken 2 2012 Olivier Megaton
7%
Turner & Hooch 1989 Roger Spottiswoode
7%
City Slickers 1991 Ron Underwood
7%
Elizabeth: The Golden Age 2007 Shekhar Kapur
7%
Animal Factory 2000 Steve Buscemi
7%
On Deadly Ground 1994 Steven Seagal
7%
Tarzan the Ape Man 1932 W.S. Van Dyke
7%
Little Murders 1971 Alan Arkin
6%
Nil by Mouth 1997 Gary Oldman
6%
Primal Fear 1996 Gregory Hoblit
6%
Glengarry Glen Ross 1992 James Foley
6%
Margin Call 2011 J.C. Chandor
6%
Educating Rita 1983 Lewis Gilbert
6%
Girl with a Pearl Earring 2003 Peter Webber
6%
Bird Box 2018 Susanne Bier
6%
Rampage 2018 Brad Peyton
5%
Sister Act 1992 Emile Ardolino
5%
None But the Brave 1965 Frank Sinatra
5%
Forgetting Sarah Marshall 2008 Nicholas Stoller
5%
Elemental 2023 Peter Sohn
5%
Billy Budd 1962 Peter Ustinov
5%
R.I.P.D. 2013 Robert Schwentke
5%
Cocktail 1988 Roger Donaldson
5%
The League of Extraordinary Gentlemen 2003 Stephen Norrington
5%
The Amityville Horror 1979 Stuart Rosenberg
5%
My Cousin Vinny 1992 Jonathan Lynn
4%
Tron 1982 Steven Lisberger
4%
Ip Man 2008 Wilson Yip
4%
Galaxy Quest 1999 Dean Parisot
3%
The Adjustment Bureau 2011 George Nolfi
3%
Miracle on 34th Street 1947 George Seaton
3%
Saving Mr. Banks 2013 John Lee Hancock
3%
Tetris 2023 Jon S. Baird
3%
Flash Gordon 1980 Mike Hodges
3%
Pokémon: Detective Pikachu 2019 Rob Letterman
3%
Dead Man's Shoes 2004 Shane Meadows
3%
Purple Rain 1984 Albert Magnoli
2%
Sweet Home Alabama 2002 Andy Tennant
2%
Miss Congeniality 2000 Donald Petrie
2%
Emma 1996 Douglas McGrath
2%
The Hitchhiker's Guide to the Galaxy 2005 Garth Jennings
2%
K-PAX 2001 Iain Softley
2%
Kick-Ass 2 2013 Jeff Wadlow
2%
Space Jam 1996 Joe Pytka
2%
Romance & Cigarettes 2005 John Turturro
2%
Cool Runnings 1993 Jon Turteltaub
2%
Risky Business 1983 Paul Brickman
2%
The Italian Job 1969 Peter Collinson
2%
Road House 1989 Rowdy Herrington
2%
Gross Pointe Blank 1997 George Armitage
1%
Smokey and the Bandit 1977 Hal Needham
1%
Enola Holmes 2020 Harry Bradbeer
1%
Iris 2001 Richard Eyre
1%
Battlefield Earth 2000 Roger Christian
1%
Final Portrait 2017 Stanley Tucci
1%
The Adventures of Buckaroo Banzai Across the 8th Dimension 1984 W.D. Richter
1%
The Jazz Singer 1927 Alan Crosland
0%
No matching quizzes found
Score Distribution
Percent of People with Each Score
Percentile by Number Answered
Your Score History
You have not taken this quiz since the last reset